Asamiya akhar jotanir katha (Record no. 7422)

MARC details
000 -LEADER
fixed length control field 00540cam a2200217ua 4500
001 - CONTROL NUMBER
control field 8315
005 - DATE AND TIME OF LATEST TRANSACTION
control field 20260515114323.0
008 - FIXED-LENGTH DATA ELEMENTS--GENERAL INFORMATION
fixed length control field 150128n ii |||gr||||Z||||||asm
020 ## - INTERNATIONAL STANDARD BOOK NUMBER
International Standard Book Number 9788173394270
040 ## - CATALOGING SOURCE
Transcribing agency MAIN
041 ## - LANGUAGE CODE
Language code of text/sound track or separate title asm
082 ## - DEWEY DECIMAL CLASSIFICATION NUMBER
Classification number 491.451
100 ## - MAIN ENTRY--PERSONAL NAME
Personal name Barman, S.,
Relator term Author.
245 1# - TITLE STATEMENT
Title Asamiya akhar jotanir katha
Statement of responsibility, etc. By Sivanath Barman
250 ## - EDITION STATEMENT
Edition statement 4th.
260 ## - PUBLICATION, DISTRIBUTION, ETC.
Place of publication, distribution, etc. Guwahati:
Name of publisher, distributor, etc. Banalata,
Date of publication, distribution, etc. 2010.
300 ## - PHYSICAL DESCRIPTION
Extent 163p.
653 ## - INDEX TERM--UNCONTROLLED
Uncontrolled term East Indo-European & Celtic languages
653 ## - INDEX TERM--UNCONTROLLED
Uncontrolled term Assamese language
942 ## - ADDED ENTRY ELEMENTS (KOHA)
Koha item type Books
Holdings
Withdrawn status Lost status Damaged status Not for loan Home library Current library Shelving location Date acquired Total checkouts Full call number Barcode Date last seen Copy number Price effective from Koha item type Date last checked out
        Naharkatiya College Library Naharkatiya College Library General stacks 09/19/2020   491.451 | BAR 20600 09/19/2020 6 09/19/2020 Books  
        Naharkatiya College Library Naharkatiya College Library General stacks 09/19/2020   491.451 | BAR 20601 09/19/2020 1 09/19/2020 Books  
        Naharkatiya College Library Naharkatiya College Library General stacks 09/19/2020 1 491.451 | BAR 20602 10/10/2023 8 09/19/2020 Books 09/13/2023
        Naharkatiya College Library Naharkatiya College Library General stacks 09/19/2020   491.451 | BAR 20603 09/19/2020 9 09/19/2020 Books  
        Naharkatiya College Library Naharkatiya College Library General stacks 09/19/2020   491.451 | BAR 20646 09/19/2020 7 09/19/2020 Books  
        Naharkatiya College Library Naharkatiya College Library General stacks 09/19/2020   491.451 | BAR 20647 09/19/2020 3 09/19/2020 Books  
        Naharkatiya College Library Naharkatiya College Library General stacks 09/19/2020 1 491.451 | BAR 20648 12/17/2022 10 09/19/2020 Books 12/15/2022
        Naharkatiya College Library Naharkatiya College Library General stacks 09/19/2020 1 491.451 | BAR 21315 10/05/2024 2 09/19/2020 Books 09/30/2024
        Naharkatiya College Library Naharkatiya College Library General stacks 09/19/2020   491.451 | BAR 21316 09/19/2020 4 09/19/2020 Books  
        Naharkatiya College Library Naharkatiya College Library General stacks 09/19/2020   491.451 | BAR 21317 09/19/2020 5 09/19/2020 Books